| 000 | 00431nam a2200181Ia 4500 | ||
|---|---|---|---|
| 008 | 210210b1949 xxu||||| |||| 00| 0 eng d | ||
| 041 | _aeng | ||
| 082 | _a030/17 | ||
| 100 | _aCARY (M) and Others Ed | ||
| 245 | _aOxford classical dictionary | ||
| 260 |
_aOxford _bClarendon Press _c1949 |
||
| 300 | _axix,979 | ||
| 650 | _aOxford | ||
| 650 | _adictionary | ||
| 650 | _aclassical | ||
| 690 | _aDictionaries | ||
| 906 | _a000064 | ||
| 999 |
_c76592 _d76592 |
||